| 000 | 00563nam a22001937a 4500 | ||
|---|---|---|---|
| 003 | KOHA_MİRAKIL | ||
| 005 | 20250930162539.0 | ||
| 008 | 250930b tu ||||| |||| 00| 0 tur d | ||
| 020 | _a9786056195488 | ||
| 040 |
_aTR-AnABB _btur _cTR-AnABB |
||
| 041 | _atur | ||
| 082 |
_a813.42 _bSOK 2011 |
||
| 100 | 1 | _aSoko, Ziya Şakir, | |
| 245 | 1 | 0 |
_aBarbaros'un reisi Poyraz Ali Tulon'da / _cZiya Şakir Soko / |
| 260 |
_aİstanbul : _bAkıl Fikir Yayınları, _c2011 |
||
| 300 |
_a335 sayfa ; _c17 cm |
||
| 650 | 0 | 4 | _aTürk edebiyatı, roman |
| 942 |
_2ddc _cBK |
||
| 999 |
_c8997 _d8997 |
||
| 900 | _bGizem YORULMAZ | ||